Vorticity and turbulence
Αποθηκεύτηκε σε:
| Κύριος συγγραφέας: | |
|---|---|
| Μορφή: | Βιβλίο |
| Γλώσσα: | English |
| Δημοσίευση: |
New York ; Berlin :
Springer,
1998
|
| Σειρά: | Applied mathematical sciences (Springer-Verlag New York Inc.)
; 103 |
| Θέματα: | |
| Ετικέτες: |
Προσθήκη ετικέτας
Δεν υπάρχουν, Καταχωρήστε ετικέτα πρώτοι!
|
MARC
| LEADER | 00000nam a2200000 i 4500 | ||
|---|---|---|---|
| 001 | 1/71088 | ||
| 008 | 990301s1998 eng d | ||
| 020 | |a 0-387-94197-5 | ||
| 035 | |l 10048247 | ||
| 040 | |a GR-MY-UA |b gre |e aacr | ||
| 041 | 0 | |a eng | |
| 082 | 0 | |a 532.0527 | |
| 100 | 1 | |a Chorin, Alexandre Joel. | |
| 245 | 1 | 0 | |a Vorticity and turbulence / |c Alexandre J. Chorin |
| 260 | |a New York ; Berlin : |b Springer, |c 1998 | ||
| 300 | |a viii, 174 p.; |b ill.; |c 25 cm. | ||
| 490 | 1 | |a Applied mathematical sciences (Springer-Verlag New York Inc.) |v ; 103 | |
| 500 | |a Includes bibliographical references and index | ||
| 650 | 0 | 0 | |a Vortex-motion. |
| 650 | 0 | 0 | |a Turbulence. |
| 650 | 0 | 0 | |a Fluid mechanics. |
| 830 | 0 | |a Applied mathematical sciences (Springer-Verlag New York Inc.) |v ; 103 | |
| 852 | |a INST |b SAMOS |e 19990301 |h 532.0527 CHO |p 005300013308 |q 005300013308 |t BK |y 0 | ||
| 901 | |a BIBL-1999-1 | ||
| 909 | |a Σ |b 063025 | ||
| 922 | |a 3ΕΛΗ |b 199901 |c ΕΠΕΑΕΚ/ΜΑΘ |d GLORY | ||